[Event "V Festival A"]
[Site "Roseto degli Abruzzi ITA"]
[Date "2014.01.05"]
[Round "5"]
[White "Patelli, Alessandro"]
[Black "Marholev, Dimitar"]
[WhiteElo "2186"]
[BlackElo "2321"]
[Result "1/2-1/2"]
[PlyCount "162"]
[EventDate "2014.01.03"]

1. d4 Nf6 2. c4 g6 3. Nc3 Bg7 4. e4 d6 5. Nf3 O-O 6. h3 Na6 7. Bg5 Qe8 8. g4 c5
9. Bg2 cxd4 10. Nxd4 Nc5 11. O-O Qd8 12. Qd2 Re8 13. Be3 a6 14. Rac1 Bd7 15. g5
Nh5 16. Nde2 Rc8 17. f4 b5 18. cxb5 axb5 19. b4 Na4 20. Nxa4 bxa4 21. Rxc8 Qxc8
22. Rc1 Qb8 23. a3 Rc8 24. e5 Rxc1+ 25. Nxc1 Bb5 26. exd6 exd6 27. Ne2 Qe8 28.
Nd4 Bd7 29. Qd3 Ng3 30. Kh2 Nf5 31. Bf2 Bxd4 32. Bxd4 Bc6 33. Bb2 Bxg2 34. Qc3
Kf8 35. Qh8+ Ke7 36. Qxe8+ Kxe8 37. Kxg2 Ne3+ 38. Kf3 Nc4 39. Bc1 d5 40. Ke2
Nd6 41. Kd3 Nb5 42. Bb2 Kd7 43. Ke3 Kd6 44. Be5+ Ke6 45. Bb2 Kf5 46. Bc1 f6 47.
h4 Ke6 48. Kd3 fxg5 49. hxg5 Kf5 50. Ke3 Kg4 51. Bb2 Kg3 52. Bc1 Kg2 53. Ke2
Kg3 54. Ke3 Kg4 55. Bb2 Kf5 56. Bc1 Ke6 57. Kd3 Kd6 58. Bb2 Kc6 59. Bc1 Nd6 60.
Kd4 Nc4 61. Kd3 Nb6 62. Kd4 Kd6 63. Bd2 Kc6 64. Bc1 Nc4 65. Kd3 Nd6 66. Kd4
Nf5+ 67. Ke5 Nd6 68. Kf6 d4 69. Kg7 d3 70. Kxh7 Nc4 71. f5 gxf5 72. g6 Nd6 73.
g7 Ne8 74. g8=Q Nf6+ 75. Kg7 Nxg8 76. Kxg8 Kd5 77. Kg7 Ke4 78. b5 Kd5 79. Kf6
Kc5 80. Kxf5 Kxb5 81. Ke4 Kc6 1/2-1/2

[Event "V Festival A"]
[Site "Roseto degli Abruzzi ITA"]
[Date "2014.01.05"]
[Round "5"]
[White "Sbraccia, Giovanni"]
[Black "Milchev, Nikolay"]
[WhiteElo "2029"]
[BlackElo "2457"]
[Result "0-1"]
[PlyCount "91"]
[EventDate "2014.01.03"]

1. c4 e5 2. Nc3 Nc6 3. g3 Bc5 4. Bg2 a6 5. Nf3 d6 6. d3 Nge7 7. a3 Ba7 8. O-O
h5 9. Be3 Nd4 10. Bxd4 exd4 11. Ne4 c6 12. Qd2 d5 13. cxd5 cxd5 14. Neg5 f6 15.
Nh3 Bg4 16. Kh1 h4 17. Qf4 Qd7 18. Nfg1 Ng6 19. Qd2 hxg3 20. fxg3 Bxh3 21. Bxh3
Rxh3 22. Nxh3 Qxh3 23. Rf2 O-O-O 24. Qc1+ Kb8 25. Qf1 Qe6 26. Rg2 Ne5 27. g4 g5
28. Qf5 Qxf5 29. gxf5 Rc8 30. h3 Bb6 31. Kg1 Rc2 32. Rb1 a5 33. a4 Bc5 34. Kf1
Kc7 35. Rg1 Kd6 36. h4 gxh4 37. Rh1 Ng4 38. Rxh4 Ne3+ 39. Kf2 Rxb2 40. Rg1 Nxf5
41. Rh8 Ra2 42. Kf3 Rxa4 43. Kf4 Ke6 44. Rc8 Bd6+ 45. Kf3 Ne7 46. Rcc1 0-1

[Event "V Festival A"]
[Site "Roseto degli Abruzzi ITA"]
[Date "2014.01.05"]
[Round "5"]
[White "Sibilio, Mario"]
[Black "Gilevych, Artem"]
[WhiteElo "2327"]
[BlackElo "2353"]
[Result "1/2-1/2"]
[PlyCount "126"]
[EventDate "2014.01.03"]

1. Nf3 d5 2. g3 c6 3. Bg2 Nf6 4. O-O Bf5 5. b3 Nbd7 6. Bb2 e6 7. d3 Be7 8. Nbd2
O-O 9. Nh4 Bg4 10. h3 Bh5 11. g4 Ne8 12. gxh5 Bxh4 13. e4 dxe4 14. Nxe4 h6 15.
d4 Nef6 16. Ng3 Qa5 17. c4 Rad8 18. Qf3 Rfe8 19. Bc3 Qg5 20. Rad1 Bxg3 21. fxg3
Qxh5 22. Qf4 Nf8 23. Rde1 Qg6 24. Re3 N8h7 25. Qf2 Rd7 26. Rfe1 h5 27. Re5 Red8
28. Qe3 Rd6 29. Bf1 h4 30. g4 Nd7 31. Rh5 Qf6 32. d5 e5 33. dxc6 Rxc6 34. Rf5
Qe7 35. Qxa7 g6 36. Rf2 Ng5 37. Qe3 Re6 38. Bd2 f6 39. Bg2 e4 40. Qc3 Nc5 41.
Bxg5 fxg5 42. Re3 Rd1+ 43. Rf1 Rd3 44. Qe1 Qd6 45. Qf2 Rxe3 46. Qxe3 Qe5 47.
Rd1 Nd3 48. Bf1 Nf4 49. c5 Kh7 50. Bc4 Re7 51. Rd2 b5 52. cxb6 Qa5 53. Rf2 Rb7
54. Bf1 Qb4 55. Rc2 Qxb6 56. Qxb6 Rxb6 57. Kf2 Nd5 58. Rc5 Rf6+ 59. Kg1 Rd6 60.
Kf2 Rf6+ 61. Kg1 Rd6 62. Kf2 Rf6+ 63. Kg1 Rd6 1/2-1/2

[Event "V Festival A"]
[Site "Roseto degli Abruzzi ITA"]
[Date "2014.01.05"]
[Round "5"]
[White "Viviani, Alessio"]
[Black "Pescatore, Lorenzo"]
[WhiteElo "2112"]
[BlackElo "2238"]
[Result "1/2-1/2"]
[PlyCount "93"]
[EventDate "2014.01.03"]

1. e4 e5 2. Nf3 Nc6 3. Bb5 a6 4. Ba4 Nf6 5. O-O Be7 6. Re1 b5 7. Bb3 d6 8. c3
Na5 9. Bc2 c5 10. d4 Qc7 11. d5 O-O 12. Nbd2 Re8 13. b3 Bd7 14. Nf1 g6 15. Ng3
Bf8 16. h3 Bg7 17. Be3 h6 18. Qd2 Kh7 19. Nh2 Nb7 20. f4 exf4 21. Bxf4 Bc8 22.
Rf1 b4 23. cxb4 cxb4 24. Rac1 Nc5 25. Qxb4 a5 26. Qd2 Ba6 27. Rf2 Qe7 28. Re1
Nfd7 29. Nf3 Qf8 30. a3 Ne5 31. Nxe5 Bxe5 32. Bxe5 Rxe5 33. b4 Nd7 34. Ba4 Nb6
35. Bc6 Ra7 36. b5 Bc8 37. Qd4 Qd8 38. Ref1 Kg8 39. Ne2 Rae7 40. Nc3 Nd7 41.
Bxd7 Qxd7 42. Rf6 Rg5 43. Kh2 Rh5 44. Qb6 Rxh3+ 45. gxh3 Qxh3+ 46. Kg1 Qg3+ 47.
Kh1 1/2-1/2

[Event "V Festival A"]
[Site "Roseto degli Abruzzi ITA"]
[Date "2014.01.06"]
[Round "6"]
[White "Calavalle, Giulio"]
[Black "Viviani, Alessio"]
[WhiteElo "2215"]
[BlackElo "2112"]
[Result "1-0"]
[PlyCount "105"]
[EventDate "2014.01.03"]

1. e4 c5 2. Nc3 Nc6 3. Nf3 e6 4. d4 cxd4 5. Nxd4 a6 6. Be3 Qc7 7. Be2 Nf6 8.
O-O Bb4 9. Nxc6 Qxc6 10. e5 Bxc3 11. Bf3 Qc7 12. bxc3 Qxe5 13. Bd4 Qc7 14. Re1
d6 15. Qd2 Bd7 16. Qg5 e5 17. Qxg7 Ke7 18. Qh6 Rhg8 19. Rab1 Bc6 20. Bb6 Qd7
21. Re3 Rg6 22. Qh4 Rag8 23. g3 Bxf3 24. Rxf3 Qc6 25. Rd3 Ke8 26. Rbd1 d5 27.
Rxd5 Qxb6 28. Rd6 Qc5 29. Rxf6 Qe7 30. Rxg6 Rxg6 31. Qxh7 Rd6 32. Qg8+ Kd7 33.
Rxd6+ Kxd6 34. Qc8 Kd5 35. h4 f6 36. h5 Qh7 37. Qd8+ Ke6 38. Qe8+ Kf5 39. Kg2
Kg5 40. Qg6+ Qxg6 41. hxg6 Kxg6 42. f3 b5 43. Kf2 Kf5 44. Ke3 Ke6 45. Ke4 Kd6
46. Kf5 Ke7 47. g4 Kf7 48. a3 a5 49. g5 fxg5 50. Kxe5 Kg6 51. c4 bxc4 52. c3 a4
53. f4 1-0

[Event "V Festival A"]
[Site "Roseto degli Abruzzi ITA"]
[Date "2014.01.06"]
[Round "6"]
[White "Ciampi, Vincenzo"]
[Black "Lateana, Domenico"]
[WhiteElo "2102"]
[BlackElo "1966"]
[Result "1/2-1/2"]
[PlyCount "58"]
[EventDate "2014.01.03"]

1. Nf3 Nf6 2. d4 e6 3. g3 b6 4. Bg2 Bb7 5. O-O Be7 6. c4 O-O 7. d5 exd5 8. Nh4
c6 9. cxd5 Nxd5 10. Nf5 Nc7 11. e4 d5 12. Nc3 Bf6 13. exd5 Nxd5 14. Ne4 Nd7 15.
Qh5 Ne5 16. Rd1 Bc8 17. Ne3 Bb7 18. Nxd5 cxd5 19. Qf5 Re8 20. Bf4 Rc8 21. a4
Nc4 22. Bg5 Be7 23. b3 Nd6 24. Nxd6 Qxd6 25. Bxe7 Qxe7 26. Bxd5 Rc5 27. Qf3
Rxd5 28. Rxd5 Qe6 29. Rad1 g6 1/2-1/2

[Event "V Festival A"]
[Site "Roseto degli Abruzzi ITA"]
[Date "2014.01.06"]
[Round "6"]
[White "Gueci, Tea"]
[Black "Gilevych, Artem"]
[WhiteElo "2062"]
[BlackElo "2353"]
[Result "1-0"]
[PlyCount "59"]
[EventDate "2014.01.03"]

1. e4 e6 2. d4 d5 3. Nd2 Nc6 4. Ngf3 Nf6 5. e5 Nd7 6. c3 f6 7. Bb5 fxe5 8. dxe5
Be7 9. Nd4 Ndxe5 10. Qh5+ Nf7 11. Nxc6 bxc6 12. Bxc6+ Bd7 13. Bxa8 Qxa8 14. O-O
e5 15. Qe2 Qb7 16. c4 c6 17. b3 O-O 18. Bb2 e4 19. Kh1 Bc5 20. Rac1 Qb6 21. Nb1
Nh6 22. cxd5 cxd5 23. Nc3 Bg4 24. f3 Nf5 25. Nxe4 dxe4 26. Qc4+ Rf7 27. Qxc5
Qh6 28. Kg1 Bxf3 29. Ba3 Rf6 30. Qd5+ 1-0

[Event "V Festival A"]
[Site "Roseto degli Abruzzi ITA"]
[Date "2014.01.06"]
[Round "6"]
[White "Lodici, Lorenzo"]
[Black "Patelli, Alessandro"]
[WhiteElo "2097"]
[BlackElo "2186"]
[Result "1/2-1/2"]
[PlyCount "20"]
[EventDate "2014.01.03"]

1. d4 Nf6 2. c4 e6 3. Nc3 Bb4 4. e3 c5 5. Bd3 Nc6 6. Nf3 O-O 7. O-O d5 8. cxd5
exd5 9. dxc5 Bxc3 10. bxc3 Qa5 1/2-1/2

[Event "V Festival A"]
[Site "Roseto degli Abruzzi ITA"]
[Date "2014.01.06"]
[Round "6"]
[White "Marholev, Dimitar"]
[Black "Bentivegna, Francesco"]
[WhiteElo "2321"]
[BlackElo "2302"]
[Result "1-0"]
[PlyCount "49"]
[EventDate "2014.01.03"]

1. e4 e5 2. Nf3 Nc6 3. Bb5 f5 4. Bxc6 dxc6 5. Nc3 Nf6 6. Qe2 Bd6 7. O-O Qe7 8.
Re1 f4 9. d4 Bg4 10. Bxf4 exf4 11. e5 O-O-O 12. h3 Bh5 13. Rad1 Nd5 14. exd6
Qxe2 15. Nxe2 cxd6 16. c4 Bxf3 17. gxf3 Nb6 18. b3 g5 19. Nc3 d5 20. c5 Nd7 21.
Re7 Rde8 22. Rde1 Kd8 23. R7e6 Nf6 24. Kf1 Kd7 25. Rxf6 1-0

[Event "V Festival A"]
[Site "Roseto degli Abruzzi ITA"]
[Date "2014.01.06"]
[Round "6"]
[White "Milchev, Nikolay"]
[Black "Sibilio, Mario"]
[WhiteElo "2457"]
[BlackElo "2327"]
[Result "1-0"]
[PlyCount "75"]
[EventDate "2014.01.03"]

1. Nf3 d6 2. d4 Nf6 3. c4 Nbd7 4. Nc3 e5 5. e4 Be7 6. g3 O-O 7. Bg2 Re8 8. O-O
Bf8 9. d5 Nc5 10. Ne1 a5 11. Nd3 Nfd7 12. Be3 g6 13. a3 Bg7 14. Nxc5 Nxc5 15.
Qc2 f5 16. b4 axb4 17. axb4 Rxa1 18. Rxa1 Na6 19. b5 Nc5 20. Bxc5 dxc5 21. b6
cxb6 22. Ra8 Rf8 23. Qb2 Qf6 24. Na4 Bd7 25. Rxf8+ Kxf8 26. Nxb6 Be8 27. Na8 b5
28. cxb5 Qd8 29. Qa3 Bxb5 30. exf5 Qd6 31. fxg6 hxg6 32. Qa5 Be8 33. Nc7 Bf7
34. Qa8+ Ke7 35. Nb5 Qd7 36. d6+ Kf6 37. Bc6 Qf5 38. Qd8+ 1-0

[Event "V Festival A"]
[Site "Roseto degli Abruzzi ITA"]
[Date "2014.01.06"]
[Round "6"]
[White "Pescatore, Lorenzo"]
[Black "Baltzopoulos, Giorgos"]
[WhiteElo "2238"]
[BlackElo "1977"]
[Result "1-0"]
[PlyCount "45"]
[EventDate "2014.01.03"]

1. e4 c5 2. c3 Nf6 3. e5 Nd5 4. d4 cxd4 5. Nf3 e6 6. cxd4 d6 7. a3 Bd7 8. Bd3
Bc6 9. O-O Nd7 10. Re1 Qc7 11. Bd2 Rd8 12. Qe2 Be7 13. Ng5 dxe5 14. Qh5 Bxg5
15. Qxg5 Ne7 16. Bb4 Nf8 17. Bxe7 Qxe7 18. Qxg7 Rxd4 19. Qxh8 Qg5 20. Bf1 Bxg2
21. Qxe5 f5 22. Bxg2 Rg4 23. Qb8+ 1-0

[Event "V Festival A"]
[Site "Roseto degli Abruzzi ITA"]
[Date "2014.01.06"]
[Round "6"]
[White "Scalcione, Michelangelo"]
[Black "Cafaro, Luca"]
[WhiteElo "2335"]
[BlackElo "1975"]
[Result "1-0"]
[PlyCount "59"]
[EventDate "2014.01.03"]

1. Nf3 d5 2. d4 Nf6 3. c4 e6 4. Nc3 c6 5. Qb3 dxc4 6. Qxc4 b5 7. Qd3 Nbd7 8.
Bg5 Qa5 9. e3 Bb4 10. Be2 Nd5 11. Rc1 h6 12. Bh4 O-O 13. O-O Nxc3 14. bxc3 Ba3
15. Rb1 Bd6 16. e4 f5 17. Bd1 Kh8 18. Bb3 Nb6 19. Bg3 Bxg3 20. fxg3 g6 21. Ne5
Kg7 22. Nxc6 Qa6 23. exf5 gxf5 24. g4 Nc4 25. Nb4 Qd6 26. gxf5 exf5 27. a4 a5
28. Nc2 Qd5 29. axb5 Bb7 30. Ne3 1-0

[Event "Weekend Epifania"]
[Site "Torino ITA"]
[Date "2014.01.03"]
[Round "1"]
[White "Pepino, Enrico"]
[Black "Doromeychuk, Anton"]
[WhiteElo "2185"]
[BlackElo "1824"]
[Result "1-0"]
[PlyCount "57"]
[EventDate "2014.01.03"]

1. e4 d6 2. d4 Nf6 3. Nc3 g6 4. f4 Bg7 5. Nf3 c5 6. dxc5 Qa5 7. Bd3 Qxc5 8. Qe2
Nc6 9. Be3 Qb4 10. O-O Ng4 11. Nd5 Qa5 12. Bd2 Qd8 13. c3 O-O 14. h3 e6 15. Ne3
Nxe3 16. Bxe3 b6 17. Rad1 Qc7 18. h4 Ne7 19. h5 d5 20. hxg6 hxg6 21. e5 Bb7 22.
Bd4 Rfd8 23. g4 Nc6 24. Qh2 Nxd4 25. cxd4 f6 26. Bxg6 Rac8 27. Qh7+ Kf8 28. Ng5
Qe7 29. Bf7 1-0

[Event "Weekend Epifania"]
[Site "Torino ITA"]
[Date "2014.01.03"]
[Round "1"]
[White "Rossetti, Matteo"]
[Black "Fassio, Luca"]
[WhiteElo "1823"]
[BlackElo "2118"]
[Result "0-1"]
[PlyCount "92"]
[EventDate "2014.01.03"]

1. e4 g6 2. d4 Bg7 3. Nc3 c6 4. Be3 d6 5. Qd2 b5 6. Bd3 Nd7 7. Nf3 Bb7 8. O-O
a6 9. a4 b4 10. Ne2 a5 11. c4 e5 12. d5 cxd5 13. cxd5 Ne7 14. Ng3 O-O 15. Ng5
Rc8 16. Rac1 h6 17. Nh3 g5 18. f3 Nc5 19. Bxc5 Rxc5 20. Rxc5 Qb6 21. Qf2 dxc5
22. b3 f5 23. Bc4 Qd6 24. Qc2 f4 25. Ne2 Kh8 26. Nf2 Bc8 27. Nd3 g4 28. Bb5
gxf3 29. Rxf3 Bg4 30. Rf2 Rc8 31. Nb2 Ng6 32. Nc4 Qd8 33. d6 Bf8 34. Nc1 Qh4
35. Qd2 Rd8 36. Qd5 Qf6 37. Rd2 Be6 38. Qxc5 Bxc4 39. Bxc4 Bxd6 40. Qxa5 Bc5+
41. Qxc5 Rxd2 42. Qxb4 Rd1+ 43. Kf2 Rxc1 44. Qd2 Qb6+ 45. Ke2 Rg1 46. Kf3 Nh4+
0-1

[Event "Weekend Epifania"]
[Site "Torino ITA"]
[Date "2014.01.04"]
[Round "2"]
[White "Di Chiara, Mauro"]
[Black "Bergero, Simone"]
[WhiteElo "1987"]
[BlackElo "1831"]
[Result "1-0"]
[PlyCount "61"]
[EventDate "2014.01.03"]

1. Nf3 c5 2. g3 Nc6 3. Bg2 d5 4. O-O Nf6 5. d4 e6 6. c4 Qb6 7. cxd5 exd5 8. Nc3
cxd4 9. Na4 Qc7 10. Bf4 Bd6 11. Bxd6 Qxd6 12. Nxd4 O-O 13. Rc1 a6 14. Nxc6 bxc6
15. Qd4 Re8 16. e3 Rb8 17. Qc5 Qxc5 18. Rxc5 Rb4 19. b3 Bb7 20. Rfc1 Nd7 21.
R5c3 Nb8 22. Nc5 Bc8 23. a3 Rb5 24. Bf1 Rb6 25. Na4 Rb7 26. Bg2 Rbe7 27. Bxd5
cxd5 28. Rxc8 g6 29. Nb6 Kg7 30. Rxe8 Rxe8 31. Nxd5 1-0

[Event "Weekend Epifania"]
[Site "Torino ITA"]
[Date "2014.01.04"]
[Round "2"]
[White "Slav, Nicolai"]
[Black "Nastro, Federico"]
[WhiteElo "1660"]
[BlackElo "1888"]
[Result "0-1"]
[PlyCount "140"]
[EventDate "2014.01.03"]

1. Nf3 Nf6 2. g3 g6 3. Bg2 Bg7 4. O-O O-O 5. d4 c5 6. e3 cxd4 7. exd4 d6 8. b3
Qc7 9. Ba3 a6 10. Re1 Re8 11. Nbd2 b5 12. c4 Bb7 13. Rc1 Qa5 14. Nb1 Be4 15. b4
Qd8 16. Qb3 bxc4 17. Qxc4 d5 18. Qb3 e6 19. Nc3 Bh6 20. Rcd1 Nbd7 21. Nxe4 Nxe4
22. Ne5 Nxe5 23. dxe5 Nd2 24. Qd3 Nc4 25. f4 Qb6+ 26. Kh1 Rab8 27. Rb1 Nxa3 28.
Qxa3 Bf8 29. Qa4 Rec8 30. Re2 Rc4 31. Reb2 Qe3 32. Qd1 Rcxb4 33. Rxb4 Rxb4 34.
Rxb4 Bxb4 35. Qb1 a5 36. Qd1 Bc5 37. Qf1 h5 38. Bf3 h4 39. Kg2 Kg7 40. Kh3 Be7
41. Qe2 Qd4 42. Qd1 Qb4 43. Qc1 hxg3 44. hxg3 Qb5 45. Qd1 a4 46. Be2 Qb4 47.
Qd3 a3 48. Qd1 Qb2 49. Bd3 Qxa2 50. Qb1 Qxb1 51. Bxb1 Kf8 52. Kg4 Ke8 53. Kf3
Kd7 54. Ke2 Kc6 55. Kd2 Bc5 56. Kc3 Bf2 57. g4 Bg3 58. f5 gxf5 59. gxf5 Bxe5+
60. Kb3 Bd6 61. fxe6 fxe6 62. Kc3 Bc5 63. Ba2 e5 64. Kd3 Kd6 65. Bb3 e4+ 66.
Kd2 Ke5 67. Kc3 Bd6 68. Ba2 d4+ 69. Kd2 Bb4+ 70. Kd1 d3 0-1

[Event "Weekend Epifania"]
[Site "Torino ITA"]
[Date "2014.01.05"]
[Round "3"]
[White "Llupa, Oltjon"]
[Black "Yao, Stefano"]
[WhiteElo "1929"]
[BlackElo "2110"]
[Result "1/2-1/2"]
[PlyCount "80"]
[EventDate "2014.01.03"]

1. d4 Nf6 2. c4 e6 3. Nc3 Bb4 4. e3 O-O 5. Bd3 c5 6. Nge2 cxd4 7. exd4 d5 8.
Bg5 Be7 9. O-O Nc6 10. Rc1 Nb4 11. cxd5 Nxd3 12. Qxd3 Nxd5 13. Bxe7 Nxe7 14.
Rfd1 Qb6 15. Na4 Qa5 16. Qa3 Bd7 17. Qxe7 Bxa4 18. b3 Bc6 19. Nc3 Qf5 20. Qc5
Qg4 21. d5 exd5 22. Nxd5 Bxd5 23. Qxd5 Qe2 24. Rd2 Qe7 25. Qd7 Qe4 26. Qd5 Rac8
27. Rcd1 Qb4 28. g3 Qb6 29. Qd4 Qa6 30. Qd3 Qa3 31. Qd6 Qa5 32. Qd5 Qc7 33. a4
g6 34. Qf3 Qb6 35. Rd7 Rc7 36. R1d6 Qa5 37. Kg2 Rxd7 38. Rxd7 b6 39. Qd3 Rc8
40. Qf3 Rf8 1/2-1/2

[Event "Weekend Epifania"]
[Site "Torino ITA"]
[Date "2014.01.05"]
[Round "3"]
[White "Pepino, Enrico"]
[Black "Finocchiaro, Gianluca"]
[WhiteElo "2185"]
[BlackElo "2090"]
[Result "1/2-1/2"]
[PlyCount "22"]
[EventDate "2014.01.03"]

1. e4 d5 2. exd5 Qxd5 3. Nc3 Qa5 4. Nf3 Nf6 5. d4 c6 6. Bc4 Bf5 7. Qe2 e6 8.
Bd2 Bb4 9. O-O-O Nbd7 10. Ne5 Nxe5 11. dxe5 Nd5 1/2-1/2

[Event "Weekend Epifania"]
[Site "Torino ITA"]
[Date "2014.01.05"]
[Round "4"]
[White "Fassio, Luca"]
[Black "Cacinschi, Alexandru"]
[WhiteElo "2118"]
[BlackElo "2106"]
[Result "1/2-1/2"]
[PlyCount "172"]
[EventDate "2014.01.03"]

1. e4 e6 2. d4 d5 3. Nd2 c5 4. exd5 exd5 5. Ngf3 Nf6 6. Bb5+ Bd7 7. Bxd7+ Nbxd7
8. O-O Be7 9. dxc5 Nxc5 10. Nb3 Nce4 11. Nfd4 Qd7 12. f3 Nd6 13. Nc5 Qc7 14.
Nd3 O-O 15. Kh1 Rfe8 16. Bf4 Qb6 17. c3 Nc4 18. b3 Nd6 19. Qd2 Rac8 20. Rfe1
Nb5 21. Nxb5 Qxb5 22. Be5 Nd7 23. Bd4 Bf6 24. Nf4 a6 25. g3 Bxd4 26. Qxd4 Nf6
27. Rxe8+ Rxe8 28. Rd1 h6 29. Qd3 Qxd3 30. Rxd3 Re5 31. Kg1 g5 32. Ng2 Re2 33.
a4 Rb2 34. b4 Rb3 35. Ne1 h5 36. h3 Kf8 37. g4 h4 38. Kf2 d4 39. Rxd4 Rxc3 40.
a5 Ke7 41. Nd3 Rc2+ 42. Kg1 Nd7 43. f4 f6 44. fxg5 fxg5 45. Rd5 Rc3 46. Nf2
Rg3+ 47. Kf1 Rb3 48. Rxg5 Rxb4 49. Rh5 Ra4 50. Nd3 Nf6 51. Rf5 Ne4 52. Re5+ Kf6
53. Ke2 Ng3+ 54. Kd2 Ra2+ 55. Kd1 Ra3 56. g5+ Kf7 57. Nf4 Ra4 58. g6+ Kf6 59.
Re6+ Kf5 60. g7 Rd4+ 61. Kc2 Rd8 62. Re7 Rg8 63. Nd5 Nh5 64. Rxb7 Rxg7 65. Rxg7
Nxg7 66. Nb4 Ne6 67. Nxa6 Kf4 68. Nb4 Nc7 69. Kd2 Kg3 70. Ke2 Kxh3 71. Kf3 Kh2
72. Nd3 Kg1 73. Kg4 Kf1 74. Nf4 Kf2 75. Kf5 Kg3 76. Ke5 Kg4 77. Ke4 Kg3 78.
Ne2+ Kf2 79. Nf4 Kg3 80. Kf5 Kf3 81. Kg5 Kg3 82. Nh5+ Kf3 83. Kxh4 Ke4 84. Nf6+
Kd4 85. Kg4 Kc4 86. Nd7 Kb5 1/2-1/2

[Event "Weekend Epifania"]
[Site "Torino ITA"]
[Date "2014.01.05"]
[Round "4"]
[White "Matta, Francesca"]
[Black "Manni, Stefano"]
[WhiteElo "1885"]
[BlackElo "2049"]
[Result "1/2-1/2"]
[PlyCount "62"]
[EventDate "2014.01.03"]

1. d4 d5 2. c4 c6 3. Nf3 Nf6 4. Nc3 e6 5. Bg5 Bb4 6. e3 Qa5 7. Qc2 Ne4 8. Rc1
Nd7 9. cxd5 exd5 10. Bd3 Nxg5 11. Nxg5 h6 12. Nf3 O-O 13. O-O Nf6 14. a3 Bd6
15. Qa4 Qxa4 16. Nxa4 Bg4 17. b4 Ne4 18. Bxe4 dxe4 19. Nd2 f5 20. Nc5 Rf7 21.
Nc4 Bxc5 22. bxc5 Be2 23. Nd6 Bxf1 24. Nxf7 Kxf7 25. Kxf1 Rd8 26. Rb1 Rd7 27.
a4 Ke6 28. a5 a6 29. Ke2 Kd5 30. g3 g5 31. Kd2 Kc4 1/2-1/2

[Event "Weekend Epifania"]
[Site "Torino ITA"]
[Date "2014.01.06"]
[Round "5"]
[White "Cacinschi, Alexandru"]
[Black "Finocchiaro, Gianluca"]
[WhiteElo "2106"]
[BlackElo "2090"]
[Result "0-1"]
[PlyCount "70"]
[EventDate "2014.01.03"]

1. c4 Nc6 2. Nc3 e5 3. g3 g6 4. Bg2 Bg7 5. e3 d6 6. Nge2 h5 7. h4 Nh6 8. d4
exd4 9. Nxd4 Nxd4 10. exd4 Nf5 11. Bg5 Bf6 12. Bxf6 Qxf6 13. Nd5 Qd8 14. O-O
O-O 15. b3 c6 16. Nf4 Qf6 17. d5 Nxh4 18. Nxh5 gxh5 19. gxh4 Qxh4 20. dxc6 Bh3
21. Qxd6 Bxg2 22. Kxg2 Kh7 23. Qd3+ Kh8 24. Qh3 Rg8+ 25. Kh2 Qf4+ 26. Kh1 Rg4
27. cxb7 Rb8 28. Qxh5+ Kg7 29. Rg1 Qf3+ 30. Kh2 Qxf2+ 31. Kh1 Qf3+ 32. Kh2 Qf4+
33. Kh1 Rg6 34. Raf1 Qe4+ 35. Kh2 Qe2+ 0-1

[Event "Weekend Epifania"]
[Site "Torino ITA"]
[Date "2014.01.06"]
[Round "5"]
[White "Nastro, Federico"]
[Black "Yao, Stefano"]
[WhiteElo "1888"]
[BlackElo "2110"]
[Result "0-1"]
[PlyCount "52"]
[EventDate "2014.01.03"]

1. Nf3 Nf6 2. c4 c6 3. g3 d5 4. b3 Bf5 5. Bg2 e6 6. O-O Be7 7. Bb2 O-O 8. d3 h6
9. Nbd2 Nbd7 10. Qc2 Bh7 11. Rad1 a5 12. a3 Qb8 13. Qc3 Rc8 14. b4 axb4 15.
axb4 Ra4 16. c5 b6 17. d4 bxc5 18. bxc5 Qb5 19. Ra1 Rca8 20. e3 Bd8 21. Rxa4
Rxa4 22. Ra1 Ne4 23. Nxe4 Bxe4 24. Bf1 Rxa1 25. Bxa1 Qa4 26. Nd2 Ba5 0-1

[Event "Weekend Epifania"]
[Site "Torino ITA"]
[Date "2014.01.06"]
[Round "6"]
[White "Llupa, Oltjon"]
[Black "Quirico, Paolo"]
[WhiteElo "1929"]
[BlackElo "2114"]
[Result "1-0"]
[PlyCount "165"]
[EventDate "2014.01.03"]

1. d4 Nf6 2. c4 e5 3. dxe5 Ng4 4. Nf3 Bc5 5. e3 Nc6 6. a3 a5 7. b3 Ngxe5 8. Bb2
Nxf3+ 9. Qxf3 O-O 10. Qg3 f6 11. Bd3 d6 12. Nc3 Ne5 13. Bc2 f5 14. O-O Bd7 15.
Nd5 Ng6 16. b4 axb4 17. axb4 Ba7 18. Rad1 Bb8 19. Bb3 Kh8 20. b5 Qh4 21. Qxh4
Nxh4 22. g3 Nf3+ 23. Kg2 Ng5 24. h4 Ne6 25. h5 h6 26. Ne7 Be8 27. Rh1 Nc5 28.
Bc2 Ra2 29. Rb1 Na4 30. Bxa4 Rxa4 31. Ng6+ Bxg6 32. hxg6 Kg8 33. Rbc1 c6 34.
Bd4 Bc7 35. bxc6 bxc6 36. c5 dxc5 37. Bxc5 Rf6 38. Rh5 Rxg6 39. Rxf5 Bd6 40.
Bxd6 Rxd6 41. Rb1 Ra8 42. Rb7 Rf8 43. Rxf8+ Kxf8 44. f4 h5 45. e4 Kg8 46. Rc7
Kh7 47. e5 Rd2+ 48. Kf3 Rd3+ 49. Kf2 Rc3 50. e6 Ra3 51. Rxc6 Kg6 52. Rc5 Kf6
53. Re5 Ra7 54. Rxh5 Kxe6 55. Kf3 g6 56. Rb5 Ra6 57. Kg4 Kf6 58. Kh4 Rc6 59. g4
Ra6 60. Rb8 Kg7 61. Rc8 Rb6 62. Rd8 Ra6 63. Rd3 Kf6 64. Rb3 Rc6 65. Rb5 Ra6 66.
g5+ Kg7 67. Rb7+ Kg8 68. Kg4 Ra4 69. Kf3 Rc4 70. Ke3 Ra4 71. Rd7 Rb4 72. Rd4
Rb5 73. Ke4 Kf7 74. Rd7+ Kg8 75. Rd5 Rb6 76. Ke5 Kf7 77. Rd7+ Kf8 78. Rd6 Rb5+
79. Kf6 Rf5+ 80. Kxg6 Rxf4 81. Rf6+ Rxf6+ 82. Kxf6 Kg8 83. Kg6 1-0

[Event "Weekend Epifania"]
[Site "Torino ITA"]
[Date "2014.01.06"]
[Round "6"]
[White "Yao, Stefano"]
[Black "Manni, Stefano"]
[WhiteElo "2110"]
[BlackElo "2049"]
[Result "1/2-1/2"]
[PlyCount "76"]
[EventDate "2014.01.03"]

1. Nf3 d5 2. d4 Nf6 3. c4 e6 4. Qc2 Bb4+ 5. Bd2 Be7 6. g3 O-O 7. Bg2 c6 8. O-O
b6 9. b3 Ba6 10. Ne5 Nfd7 11. Nxd7 Nxd7 12. e4 Nf6 13. e5 Nd7 14. Re1 Rc8 15.
cxd5 cxd5 16. Qb2 Nb8 17. a3 Nc6 18. Be3 Qd7 19. Nd2 Rc7 20. b4 Bd3 21. Qb3 Bg6
22. Bf1 Nb8 23. Rec1 Rfc8 24. Nf3 Rxc1 25. Rxc1 Rxc1 26. Bxc1 Qc6 27. Bb2 b5
28. Nd2 a6 29. Bd3 Nd7 30. Bxg6 hxg6 31. Qc3 Qxc3 32. Bxc3 Nb6 33. Kf1 Kf8 34.
Ke2 Ke8 35. Kd3 Kd7 36. Bb2 Nc4 37. Nxc4 bxc4+ 38. Kc3 Kc6 1/2-1/2

[Event "C.to Provinciale MB"]
[Site "Ceriano Laghetto ITA"]
[Date "2014.01.21"]
[Round "1"]
[White "Canciani, Alberto"]
[Black "Frigerio, Roberto"]
[WhiteElo "1598"]
[BlackElo "1754"]
[Result "1-0"]
[PlyCount "55"]
[EventDate "2014.01.21"]

1. e4 e5 2. Nf3 Nc6 3. c4 Bc5 4. Nc3 Nf6 5. h3 O-O 6. d3 Re8 7. a3 h6 8. b4 Bb6
9. c5 d6 10. cxb6 axb6 11. Be3 Bd7 12. Be2 Qc8 13. O-O Ne7 14. Nh2 Ng6 15. Qd2
Kh7 16. f4 Ng8 17. f5 N6e7 18. g4 Nc6 19. Nf3 f6 20. Kg2 Nd8 21. h4 Nf7 22. Nd5
Ra6 23. d4 Ra7 24. dxe5 dxe5 25. Rfc1 Bc6 26. b5 Rd8 27. bxc6 bxc6 28. Rxc6 1-0

[Event "C.to Provinciale MB"]
[Site "Ceriano Laghetto ITA"]
[Date "2014.01.21"]
[Round "1"]
[White "Mingolla, Patrizio"]
[Black "Regorda, Vittorio"]
[WhiteElo "1624"]
[BlackElo "1778"]
[Result "0-1"]
[PlyCount "62"]
[EventDate "2014.01.21"]

1. d4 d5 2. c4 c6 3. e3 Nf6 4. Nf3 a6 5. a4 Bg4 6. b3 Nbd7 7. Bb2 e6 8. Be2
Bb4+ 9. Nfd2 Bxe2 10. Qxe2 Ne4 11. O-O Nxd2 12. Nxd2 O-O 13. Nf3 f5 14. Ne1 Rf6
15. Nd3 Bd6 16. f4 Rh6 17. g4 fxg4 18. Ne5 Nf6 19. Bc3 Bxe5 20. fxe5 Ne4 21.
Be1 Rg6 22. Rf4 g3 23. h4 Qe7 24. Qf3 Rf8 25. Rxf8+ Qxf8 26. Qxf8+ Kxf8 27.
Bb4+ Ke8 28. Rf1 Nf2 29. Kg2 Rg4 30. cxd5 cxd5 31. Rc1 Nd3 0-1

[Event "C.to Provinciale MB"]
[Site "Ceriano Laghetto ITA"]
[Date "2014.01.21"]
[Round "1"]
[White "Monticelli, Francesco"]
[Black "Stagno, Roberto"]
[WhiteElo "1705"]
[BlackElo "1440"]
[Result "0-1"]
[PlyCount "80"]
[EventDate "2014.01.21"]

1. e4 e6 2. d4 c5 3. dxc5 Bxc5 4. Nf3 Nf6 5. Bd3 Nc6 6. c3 Ng4 7. O-O Qc7 8.
Bg5 Qb6 9. Qc2 Nce5 10. Nxe5 Nxe5 11. Be2 Ng6 12. b4 Bd6 13. Na3 Bf4 14. Nc4
Qc7 15. Bxf4 Nxf4 16. e5 O-O 17. Bd3 g6 18. Nd6 f6 19. Nxc8 Raxc8 20. exf6 Qxc3
21. Qxc3 Rxc3 22. Bb5 d5 23. Rac1 Rfc8 24. Rxc3 Rxc3 25. Be8 d4 26. g3 Ne2+ 27.
Kg2 d3 28. Rd1 a6 29. a4 Kf8 30. f7 Nd4 31. Kh3 Nb3 32. b5 d2 33. bxa6 bxa6 34.
Rb1 Rd3 35. Rd1 Nc5 36. f3 Nb7 37. Kg4 Nd6 38. Kf4 Nc4 39. Ke4 Rc3 40. Kd4 Rc1
0-1